Biblioteca y Centro de Documentación

La negociación colectiva en la reforma de 2010. Negociación para la adaptabilidad y adaptabilidad del convenio (Registro nro. 48836)

Detalles MARC
000 -CABECERA
Longitud fija campo de control 01143naa a2200265 c 4500
001 - NÚMERO DE CONTROL
Número de control 48836
003 - IDENTIFICADOR DE NÚMERO DE CONTROL
Identificador del número de control ES-MaCES
005 - FECHA Y HORA DE LA ÚLTIMA TRANSACCIÓN
Fecha y hora de la última transacción 20170206122006.0
008 - CAMPO FIJO DE DESCRIPCIÓN FIJA--INFORMACIÓN GENERAL
Códigos de información de longitud fija   170206s2011 sp ||||| t||||||| ||spa d
040 ## - FUENTE DE CATALOGACIÓN
Centro catalogador de origen ES-MaCES
Lengua de catalogación spa
Centro transcriptor ES-MaCES
Centro modificado ES-MaCES
100 1# - ENCABEZAMIENTO PRINCIPAL--NOMBRE PERSONAL
9 (RLIN) 13786
Nombre de persona González de Lena, Francisco
245 13 - MENCIÓN DE TÍTULO
Título La negociación colectiva en la reforma de 2010. Negociación para la adaptabilidad y adaptabilidad del convenio
Mención de responsabilidad, etc. Francisco González de Lena
500 ## - NOTA GENERAL
Nota general Resumen
504 ## - NOTA DE BIBLIOGRAFÍA, ETC.
Nota de bibliografía, etc. Bibliografía: p. 134-138
610 14 - ASIENTO SECUNDARIO DE MATERIA--NOMBRE CORPORATIVO
9 (RLIN) 2998
Nombre de entidad corporativa o nombre de jurisdicción como elemento inicial España
Fecha del congreso o de la firma de un tratado 2010
Título de la obra Ley de medidas urgentes para la reforma del mercado de trabajo
650 #4 - ASIENTO SECUNDARIO DE MATERIA--TÉRMINO DE MATERIA
9 (RLIN) 28362
Término de materia o nombre geográfico como elemento inicial negociación colectiva
650 #4 - ASIENTO SECUNDARIO DE MATERIA--TÉRMINO DE MATERIA
9 (RLIN) 28361
Término de materia o nombre geográfico como elemento inicial convenio colectivo
650 #4 - ASIENTO SECUNDARIO DE MATERIA--TÉRMINO DE MATERIA
9 (RLIN) 27165
Término de materia o nombre geográfico como elemento inicial derecho del trabajo
650 #4 - ASIENTO SECUNDARIO DE MATERIA--TÉRMINO DE MATERIA
9 (RLIN) 27166
Término de materia o nombre geográfico como elemento inicial legislación del trabajo
650 #4 - ASIENTO SECUNDARIO DE MATERIA--TÉRMINO DE MATERIA
9 (RLIN) 29892
Término de materia o nombre geográfico como elemento inicial reforma legislativa
653 10 - TÉRMINO DE INDEXACIÓN--NO CONTROLADO
Término no controlado Derecho del trabajo y Seguridad Social
773 0# - ENTRADA DE DOCUMENTO FUENTE
Itemnumber del ítem fuente 26863
Edición 1ª ed
Lugar, editor y fecha de publicación Las Rozas (Madrid) La Ley 2011
Otro identificador del documento 079411
Título La reforma del mercado de trabajo y la Ley 35/2010
Número de control del registro relacionado (ES-MaCES)23806
Número Internacional Normalizado para Libros (ISBN) 9788481268577
Parte(s) relacionada(s) p. 283-338 . - SR-6.0.1.-269
902 ## - CES. TIPO DE DOCUMENTO
Tipodoc (006$c Sirtex) ARL Artículo de libro
942 ## - ELEMENTOS KOHA
Fuente de clasificaión o esquema Clasificación propia del CES
Koha [por defecto] tipo de item Artículos (1982-2017)
Parte de clasificación Derecho del Trabajo y Seguridad Social

No hay ítems disponibles.

© CES, Consejo Económico y Social de España 2021